Seals, sea lions, and walruses /

Describes the physical characteristics, habits, and natural habitat of these marine mammals who must return to land to mate and give birth.

Bibliographic Details
Main Author: Rabinowich, Ellen
Format: Book
Language:English
Published: New York : F. Watts, 1980.
Series:First book.
Subjects:

MARC

Tag First Indicator Second Indicator Subfields
LEADER 00000pam a2200000 a 4500
001 in00000097100
005 20150924085008.0
008 791011s1980 nyua j b 00110 engm
010 |a  79023460  
020 |a 0531041069 
035 |a (OCoLC)05675075 
035 |9 AAK8974AM 
040 |a DLC  |c DLC  |d TXA  |d UtOrBLW 
049 |a [Curr Col] TXAM  |c [388849] 
050 0 0 |a QL737 P6  |b  R3 
082 0 |a 599/.745 
100 1 |a Rabinowich, Ellen. 
245 1 0 |a Seals, sea lions, and walruses /  |c by Ellen Rabinowich. 
264 1 |a New York :  |b F. Watts,  |c 1980. 
300 |a 60 pages :  |b color illustrations ;  |c 23 cm. 
336 |a text  |b txt  |2 rdacontent 
337 |a unmediated  |b n  |2 rdamedia 
338 |a volume  |b nc  |2 rdacarrier 
490 1 |a A First book 
500 |a Includes index. 
504 |a Bibliography: pages 57-58. 
520 |a Describes the physical characteristics, habits, and natural habitat of these marine mammals who must return to land to mate and give birth. 
650 0 |a Pinnipedia  |x Juvenile literature. 
650 0 |a Seals (Animals) 
650 0 |a Walrus. 
650 0 |a Sea lions. 
830 0 |a First book. 
999 |a MARS 
999 f f |s e961a821-6974-37a5-a92d-f55b0453a397  |i f3ac3f39-8ff4-325b-958e-a20076916c7d  |t 0 
952 f f |p normal  |a Texas A&M University  |b College Station  |c Sterling C. Evans Library  |d Evans: Curriculum Collection (4th floor)  |t 0  |e QL737 P6 R3  |h Library of Congress classification  |i unmediated -- volume  |m A14806040958 
998 f f |a QL737 P6 R3  |t 0  |l Evans: Curriculum Collection (4th floor)